Francuskie Marki Samochodów - Statystyki

Ogólne statystyki
  • Ten quiz został rozwiązany 76 razy
    72 od ostatniego zresetowania
  • Średni wynik to 5 z 8
Statystyki odpowiedzi
Obrazkowy Odpowiedź % Poprawnych
Citroën
100%
Peugeot
95%
Renault
95%
Bugatti
78%
DS Automobiles
70%
Alpine
43%
Berliet
3%
Simca
2%
Nie znaleziono quizów pasujących do podanych kryteriów
Rozkład punktacji
Procent ludzi z każdym wynikiem
Percentyl według liczby udzielonych odpowiedzi
Twoja historia wyników
Nie rozwiązałeś tego quizu od ostatniego zresetowania